Исследование позитронной аннигиляции с применением источника позитронов 64Cu; Перспективы развития фундаментальных наук; Т. 1 : Физика

التفاصيل البيبلوغرافية
Parent link:Перспективы развития фундаментальных наук=Prospects of Fundamental Sciences Development: сборник научных трудов XIV Международной конференции студентов, аспирантов и молодых ученых, г. Томск, 25-28 апреля 2017 г./ Национальный исследовательский Томский политехнический университет (ТПУ) ; под ред. И. А. Курзиной, Г. А. Вороновой.— , 2017
Т. 1 : Физика.— 2017.— [С. 408-410]
المؤلف الرئيسي: Чэнь В.
مؤلف مشترك: Национальный исследовательский Томский политехнический университет (ТПУ) Физико-технический институт (ФТИ) Кафедра общей физики (ОФ)
مؤلفون آخرون: Бордулёв Ю. С. Юрий Сергеевич (научный руководитель)
الملخص:Заглавие с экрана
This research is attributed to properties study of 64Cu isotope as a positron source. This isotope was obtained by neutron irradiation of copper foil in research nuclear reactor. The Doppler broadening spectrometer was used in this research to study the parameters of 64Cu. The experiment shows that, as 64Cu loses its activity, the peak to noise ratio increases, while the S parameter goes up and the W parameter goes down.
اللغة:الروسية
منشور في: 2017
الموضوعات:
الوصول للمادة أونلاين:http://earchive.tpu.ru/handle/11683/41495
التنسيق: MixedMaterials الكتروني فصل الكتاب
KOHA link:https://koha.lib.tpu.ru/cgi-bin/koha/opac-detail.pl?biblionumber=622720

MARC

LEADER 00000naa2a2200000 4500
001 622720
005 20231101133227.0
035 |a (RuTPU)RU\TPU\conf\21522 
035 |a RU\TPU\conf\21521 
090 |a 622720 
100 |a 20170705d2017 k y0rusy50 ca 
101 0 |a rus  |d eng 
102 |a RU 
105 |a y z 100zy 
135 |a drcn ---uucaa 
181 0 |a i  
182 0 |a b 
200 1 |a Исследование позитронной аннигиляции с применением источника позитронов 64Cu  |d Positron annihilation study using 64CU positron source  |f В. Чэнь, Ю. С. Бордулёв  |g науч. рук. Ю. С. Бордулёв 
203 |a Текст  |c электронный 
230 |a 1 компьютерный файл (pdf; 387 Kb) 
300 |a Заглавие с экрана 
320 |a [Библиогр.: с. 410 (2 назв.)] 
330 |a This research is attributed to properties study of 64Cu isotope as a positron source. This isotope was obtained by neutron irradiation of copper foil in research nuclear reactor. The Doppler broadening spectrometer was used in this research to study the parameters of 64Cu. The experiment shows that, as 64Cu loses its activity, the peak to noise ratio increases, while the S parameter goes up and the W parameter goes down. 
461 1 |0 (RuTPU)RU\TPU\conf\21388  |t Перспективы развития фундаментальных наук  |l Prospects of Fundamental Sciences Development  |o сборник научных трудов XIV Международной конференции студентов, аспирантов и молодых ученых, г. Томск, 25-28 апреля 2017 г.  |o в 7 т.  |f Национальный исследовательский Томский политехнический университет (ТПУ) ; под ред. И. А. Курзиной, Г. А. Вороновой  |d 2017 
463 1 |0 (RuTPU)RU\TPU\conf\21389  |t Т. 1 : Физика  |v [С. 408-410]  |d 2017 
510 1 |a Positron annihilation study using 64CU positron source  |z eng 
610 1 |a труды учёных ТПУ 
610 1 |a электронный ресурс 
610 1 |a аннигиляция 
610 1 |a изотопы 
610 1 |a водородная энергетика 
610 1 |a позитроны 
610 1 |a водород 
700 1 |a Чэнь  |b В. 
701 1 |a Бордулёв  |b Ю. С.  |c физик  |c инженер Томского политехнического университета  |f 1990-  |g Юрий Сергеевич  |2 stltpush  |3 (RuTPU)RU\TPU\pers\29925 
702 1 |a Бордулёв  |b Ю. С.  |c физик  |c инженер Томского политехнического университета  |f 1990-  |g Юрий Сергеевич  |2 stltpush  |4 727 
712 0 2 |a Национальный исследовательский Томский политехнический университет (ТПУ)  |b Физико-технический институт (ФТИ)  |b Кафедра общей физики (ОФ)  |h 136  |2 stltpush  |3 (RuTPU)RU\TPU\col\18734 
801 2 |a RU  |b 63413507  |c 20170718  |g RCR 
856 4 |u http://earchive.tpu.ru/handle/11683/41495 
942 |c BK